Current Communist Countries - Statistics

General Stats
  • This quiz has been taken 703 times
  • The average score is 4 of 5
Answer Stats
Country % Correct
China
96%
Cuba
90%
North Korea
90%
Vietnam
85%
Laos
77%
No matching quizzes found
Score Distribution
Percent of People with Each Score
Percentile by Number Answered
Your Score History
You have not taken this quiz